[Event "SUI-ch op3"]
[Site "Luzern"]
[Date "1994.07.22"]
[Round "7"]
[White "Ruf, Gerhard"]
[Black "Hochstrasser, Urs"]
[Result "0-1"]
[WhiteElo "1568"]
[BlackElo "1506"]
[PlyCount "48"]
[EventDate "1994.07.16"]
[EventType "swiss"]
[EventRounds "7"]
[EventCountry "SUI"]
[SourceTitle "EXT 1999"]
[Source "ChessBase"]
[SourceDate "1998.11.16"]
[SourceVersion "1"]
[SourceVersionDate "1998.11.16"]
[SourceQuality "1"]

1. e4 c5 2. Nf3 Nc6 3. d4 cxd4 4. Nxd4 Nf6 5. Nc3 d6 6. Nxc6 bxc6 7. Bd3 g6 8. 0-0 Bg7 9. h3 0-0 10. Be3 a6 11. Qe2 e5 12. Rad1 Qc7 13. f4 exf4 14. Bxf4 Nh5 15. Bh2 Qb6+ 16. Kh1 Qxb2 17. Na4 Qb4 18. g4 Nf6 19. Bc4 Be6 20. Bb3 Qxe4+ 21. Qxe4 Nxe4 22. Bxd6 Rfd8 23. Bh2 Rxd1 24. Rxd1 Nf2+ 0-1